Tizenkét bagatell

Elmentve itt :
Bibliográfiai részletek
Szerző: Eörsi István
Dokumentumtípus: Cikk
Megjelent: 1984
Sorozat:Tiszatáj 38 No. 8
Kulcsszavak:Magyar irodalom - próza
Online Access:http://tiszataj.bibl.u-szeged.hu/12652
LEADER 00561nab a2200181 i 4500
001 tisza12652
005 20200330142733.0
008 170223s1984 hu o 0|| hun d
022 |a 0133-1167 
040 |a SZTE Tiszatáj Archívum  |b hun 
041 |a hun 
100 1 |a Eörsi István 
245 1 0 |a Tizenkét bagatell  |h [elektronikus dokumentum] /  |c  Eörsi István 
260 |c 1984 
300 |a 14 
490 0 |a Tiszatáj  |v 38 No. 8 
695 |a Magyar irodalom - próza 
856 4 0 |u http://tiszataj.bibl.u-szeged.hu/12652/1/tiszataj_1984_008_009_014.pdf  |z Dokumentum-elérés